01103nam a2200301 a 4500001001200000003000800012006001900020007001500039008004100054010001700095020002200112040002100134035002000155050002900175082001400204100002100218245007100239260004700310300002300357500002000380533015200400650002300552650003700575655002900612710001700641856012600658999001700784ebr10064348CaPaEBRm u cr cn|||||||||020507s2002 inua s 001 0 eng  z 2002106529 z1931841853 (pbk.) aCaPaEBRcCaPaEBR a(OCoLC)6077964614aQA76.73.J38bS438 2002eb04a005.82211 aSethi, Harpreet.10aJava securityh[electronic resource] /cHarpreet Sethi, with NIIT. aCincinnati, Ohio :bPremier Press,cc2002. axx, 411 p. :bill. aIncludes index. aElectronic reproduction.bPalo Alto, Calif. :cebrary,d2013.nAvailable via World Wide Web.nAccess may be limited to ebrary affiliated libraries. 0aComputer security. 0aJava (Computer program language) 7aElectronic books.2local2 aebrary, Inc.40uhttp://site.ebrary.com/lib/rucke/Doc?id=10064348zAn electronic book accessible through the World Wide Web; click to view c48552d48552